| 000 | 00793amm a2200229 4500 | ||
|---|---|---|---|
| 005 | 20241212095312.0 | ||
| 007 | cr ||||||||||| | ||
| 008 | 241212s2024 2 o | cat cat | ||
| 041 | _acat | ||
| 110 |
_aCatalunya. Departament de Salut _974362 |
||
| 245 |
_aMalalties respiratòries: Termes clau _h[en línia] _cGeneralitat de Catalunya. Departament de Salut; TERMCAT, Centre de Terminologia |
||
| 260 |
_aBarcelona _bTERMCAT, Centre de Terminologia _c2024 |
||
| 300 | _a1 infografia | ||
| 500 | _btermcat | ||
| 520 | _aaprox. 100 | ||
| 592 | _aObra terminològica | ||
| 593 | _aEMA | ||
| 650 | 0 |
_apneumologia _963651 |
|
| 710 |
_aTERMCAT _960609 |
||
| 856 | _uhttps://www.termcat.cat/ca/recursos/productes-multimedia/malalties-respiratories-termes-clau | ||
| 942 |
_cMO _2ddc _n0 |
||
| 999 |
_c69142 _d69142 |
||